Visualizzazione normale
Vista MARC
- Barros, Henrique da Gama,
di Personal Name
Records bibliografici associati: 1
001 - CONTROL NUMBER
- control field: 57751
003 - CONTROL NUMBER IDENTIFIER
- control field: IT-RoINE
005 - DATE AND TIME OF LATEST TRANSACTION
- control field: 20190308085556.0
008 - FIXED-LENGTH DATA ELEMENTS
- fixed length control field: 190308|| aca||aabn | a|a d
040 ## - CATALOGING SOURCE
- Original cataloging agency: IT-RoINE
- Transcribing agency: IT-RoINE
100 ## - HEADING--PERSONAL NAME
- Personal name: Barros, Henrique da Gama,
- Dates associated with a name: 1833-1925
670 ## - SOURCE DATA FOUND
- Source citation: Work cat.: (IT-RoINE)0: Barros, Henrique da Gama, 1833-1925, Historia da administraçao publica em Portugal nos seculos XII a XV /, 1945.